Responses for show #7128 - Wednesday, September 16, 2015

Contestants

Kevin Butterfield, a history professor from Norman, Oklahoma

Talia Lavin, a fact checker originally from Teaneck, New Jersey

Audrey Watkins-Fox, a mortgage coordinator originally from Lockport, New York (whose 1-day cash winnings total $25,400)

Jeopardy! Round responses

A STREAM OF TV
HISTORY
BREAKFAST
BYE, GEORGE!
THE WEALTH OF NATIONS
THE LAST "AND"
(Alex: Each correct response will end with those letters of the alphabet--"A-N-D".)
    $200 6
Gandhi

Audrey
    $200 11
a bagel

Kevin
    $200 16
the Gipper (George Gipp)

Kevin
    $200 21
Japan

Kevin
    $200 1
understand

Audrey
    $400 7
(Talia: Uh, what is Poland?)
(Audrey: What is... the Czech Republic?)

Romania

AudreyTalia
Triple Stumper
    $400 12
(Kevin: Uh, what are waffles?)
(Alex: Be more specific.)
(Kevin: What are...)
(Alex: No, sorry.)
(Kevin: [*].)
(Alex: Sorry.)
...
(Alex: Took too much time, Kevin.)

Belgian waffles

AudreyKevin
    $400 17
(Talia: Who is George V?)

George VI

AudreyTalia
    $400 22
Qatar

Audrey
    $400 2
bland

Audrey
    $1,000 8
(Queen) Isabella

Audrey
    $600 13
peppers

Talia
    $600 18
Handel

Talia
    $600 23
(Alex: Less than a minute now, Audrey.)

China

Triple Stumper
    $600 3
(Audrey: What is a [*] piano?)

baby grand

Audrey
    $800 26
Childrens Hospital

Triple Stumper
    $800 9
Kenya

Kevin
    $800 14
(Talia: Uh, toast cut into soldiers?)

French toast

AudreyTalia
    $800 20
(Audrey: Who is Carroll?)

George Sand

Audrey
Triple Stumper
    $800 24
Kuwait

Audrey
    $800 4
gland

Kevin
    $1000 27
[The end-of-round signal sounds.]

Daredevil

Audrey
    $1000 10
Captain (Henry) Morgan

Kevin
    $1000 15
Rooty Tooty Fresh 'N Fruity

Triple Stumper
    $1000 19
George Clinton

Kevin
    $1000 25
remittances

Talia
    $1000 5
remand

Kevin

Scores at the first commercial break (after clue 14):

Audrey Talia Kevin
$3,200 -$600 $3,400

Scores at the end of the Jeopardy! Round:

Audrey Talia Kevin
$5,000 $600 $4,800

Double Jeopardy! Round responses

QUICK LIT
MINOR GODS & GODDESSES
VERY INVENTIVE
REVOLUTIONARY WAR BEFORE & AFTER
HOLLYWOOD
VINE
    $400 6
Anne

Audrey
    $400 1
war

Kevin
    $400 11
(Audrey: Uh, what is a typewriter?)

a telegraph

AudreyTalia
    $400 20
(Alex: Right, with a minute to go.)

Benedict Arnold Palmer

Audrey
    $800 7
(Audrey: What is The Little Prince?)

A Wrinkle in Time

Audrey
Triple Stumper
    $800 2
medicine

Kevin
    $800 12
a hand dryer

Talia
    $800 19
RuPaul Revere

Audrey
    $1200 8
(Kevin: Who is Cranmer?)
(Audrey: Who is Wolsey?)

(Thomas) Cromwell

AudreyTaliaKevin
    $2,000 3
(Alex: Did you guess that, or did you know?)
(Kevin: I did. I guessed.)
(Alex: Good guess.)
[NOTE: This was the 290,000th clue entered into the J! Archive, on 2015-09-16.]

Trivia

Kevin
    $2,000 13
(Talia: [Sighs] Who is... Whistler?)

Fulton

Talia
    $1200 18
the Treaty of Paris Hilton

Kevin
    $1200 23
the Hollywood Bowl

Audrey
    $1600 10
(Bernard) Malamud

Talia
    $1600 4
the west wind

Audrey
    $1600 15
Seymour Cray

Triple Stumper
    $1600 17
Ethan Allen Iverson

Kevin
    $1600 22
Warner Bros.

Audrey
    $2000 9
The Screwtape Letters

Talia
    $2000 5
Aurora

Audrey
    $2000 14
(Talia: Who is Pasteur?)

Philo Farnsworth

Talia
Triple Stumper
    $2000 16
John André 3000

Audrey
    $2000 21
(Kevin: What is CinemaScope?)

Cinerama

Kevin
Triple Stumper
    $2000 24
(Talia: Uh, what is gas?)
[The end-of-round signal sounds.]

rot (fungus)

Talia
Triple Stumper

Scores at the end of the Double Jeopardy! Round:

Audrey Talia Kevin
$12,600 $600 $7,600

[wagering suggestions for these scores]

Final Jeopardy! Round responses

OSCAR-NOMINATED SONGS
TaliaWhat is the love ballad of turd ferguson PS hi mom :)
$600
KevinWhat is Persepolis?
$6,300
AudreyWhat is Toy Story? =(
$5,000
"Blame Canada" (from South Park: Bigger, Longer & Uncut)

Final scores:

Audrey Talia Kevin
$7,600 $0 $1,300
2-day champion: $33,000 3rd place: $1,000 2nd place: $2,000

Game dynamics:

Coryat scores:

Audrey Talia Kevin
$12,200 $2,600 $6,800
19 R
(including 1 DD),
5 W
8 R,
6 W
(including 1 DD)
13 R
(including 1 DD),
3 W

Combined Coryat: $21,600

The J! Archive is created by fans, for fans. The Jeopardy! game show and all elements thereof, including but not limited to copyright and trademark thereto, are the property of Jeopardy Productions, Inc. and are protected under law. This website is not affiliated with, sponsored by, or operated by Jeopardy Productions, Inc. Join the discussion at JBoard.tv.